[Event "45.C.to Italiano"]
[Site "Chianciano Terme ITA"]
[Date "1985.10.12"]
[Round "1.5"]
[White "Ceschia, Ivano"]
[Black "Tatai, Stefano"]
[Result "0-1"]
[WhiteElo "2315"]
[BlackElo "2425"]
[Annotator "Gabriele Ballarin"]
[PlyCount "122"]
[EventDate "1985.10.12"]
[EventType "tourn"]
[EventRounds "13"]
[EventCountry "ITA"]
[EventCategory "2"]

1. e4 c5 2. Nc3 Nc6 3. Nge2 g6 4. d4 cxd4 5. Nxd4 Bg7 6. Be3 Nf6 7. Nb3 O-O 8. Be2 d6 9. O-O a6 10. f4 Be6 11. Bf3 Rc8 12. Qd2 Qc7 13. Nd5 Bxd5 14. exd5 Nb8 15. Rac1 Qc4 16. Bd4 Rfe8 17. Rfe1 Nfd7 18. Bxg7 Kxg7 19. Re4 Qc7 20. f5 Nf6 21. Rh4 g5 22. Qxg5+ Kh8 23. Qe3 Nbd7 24. c4 Ne5 25. Be2 Qd7 26. Rf4 b5 27. Qd4 bxc4 28. Bxc4 Qb7 29. Na5 Qb4 30. Nc6 Nxc6 31. dxc6 Rxc6 32. Rd1 Kg7 33. b3 Qb6 34. Qxb6 Rxb6 35. Rfd4 Rc8 36. g4 h6 37. h3 Nd7 38. Bd5 Ne5 39. Kf2 Rc3 40. Kg2 a5 41. R1d2 Kf6 42. Be4 Rb5 43. Rc2 Rb4 44. Rxc3 Rxd4 45. Bc2 Rd2+ 46. Kg3 d5 47. Rc5 d4 48. Be4 Rxa2 49. Kf4 Rf2+ 50. Kg3 Re2 51. Kf4 Nd7 52. Rd5 e5+ 53. fxe6 fxe6 54. Rxd7 e5+ 55. Kg3 Rxe4 56. Rd6+ Ke7 57. Rxh6 d3 58. Rh7+ Ke6 59. Rh6+ Kd5 60. Rh8 Rd4 61. Kf2 d2 0-1

[Event "45.C.to Italiano"]
[Site "Chianciano Terme ITA"]
[Date "1985.10.12"]
[Round "1.7"]
[White "Belotti, Bruno"]
[Black "Cocozza, Mario"]
[Result "1-0"]
[WhiteElo "2355"]
[BlackElo "2380"]
[Annotator "Gabriele Ballarin"]
[PlyCount "39"]
[EventDate "1985.10.12"]
[EventType "tourn"]
[EventRounds "13"]
[EventCountry "ITA"]
[EventCategory "2"]

1. d4 g6 2. e4 Bg7 3. Nc3 c6 4. Nf3 d5 5. h3 Nf6 6. e5 Ne4 7. Nxe4 dxe4 8. Ng5 c5 9. Bc4 O-O 10. c3 cxd4 11. cxd4 b5 12. Bb3 Bb7 13. h4 Nc6 14. Be3 Na5 15. h5 Nxb3 16. hxg6 hxg6 17. axb3 Qd5 18. Qg4 Rfc8 19. e6 f6 20. Qh4 1-0

[Event "45.C.to Italiano"]
[Site "Chianciano Terme ITA"]
[Date "1985.10.13"]
[Round "2.3"]
[White "Tatai, Stefano"]
[Black "Sanna, Gianlazzaro"]
[Result "1/2-1/2"]
[WhiteElo "2425"]
[BlackElo "2385"]
[Annotator "Gabriele Ballarin"]
[PlyCount "53"]
[EventDate "1985.10.12"]
[EventType "tourn"]
[EventRounds "13"]
[EventCountry "ITA"]
[EventCategory "2"]

1. d4 d5 2. c4 e6 3. Nc3 Nf6 4. Bg5 Be7 5. e3 h6 6. Bh4 O-O 7. Nf3 b6 8. Bd3 Bb7 9. O-O Nbd7 10. Qe2 c5 11. Rac1 dxc4 12. Bxc4 a6 13. a4 cxd4 14. exd4 Nh5 15. Bg3 Nxg3 16. hxg3 Nf6 17. Rfd1 Bb4 18. Ne5 Qe7 19. Na2 Bd6 20. Re1 Bd5 21. Bxd5 Nxd5 22. Rc6 Bxe5 23. dxe5 Qb7 24. Rec1 Rfc8 25. Qc4 Rxc6 26. Qxc6 Rb8 27. Qxb7 1/2-1/2

[Event "45.C.to Italiano"]
[Site "Chianciano Terme ITA"]
[Date "1985.10.13"]
[Round "2.4"]
[White "Vallifuoco, Giacomo"]
[Black "Ceschia, Ivano"]
[Result "1/2-1/2"]
[WhiteElo "2305"]
[BlackElo "2315"]
[Annotator "Gabriele Ballarin"]
[PlyCount "109"]
[EventDate "1985.10.12"]
[EventType "tourn"]
[EventRounds "13"]
[EventCountry "ITA"]
[EventCategory "2"]

1. d4 d5 2. c4 e6 3. Nc3 c5 4. cxd5 exd5 5. Nf3 Nc6 6. g3 Nf6 7. Bg2 Be7 8. O-O O-O 9. Bg5 cxd4 10. Nxd4 h6 11. Be3 Re8 12. Qa4 Bd7 13. Rad1 Nb4 14. Qb3 a5 15. a4 Bf8 16. Ndb5 Be6 17. Bd4 Ne4 18. Nxe4 dxe4 19. Qe3 Bd5 20. Rd2 Qe7 21. Bc3 Bc6 22. Rfd1 Red8 23. Bd4 Na6 24. h4 Qb4 25. Nc3 Re8 26. b3 Qe7 27. Bb6 Nb4 28. Nb5 Bxb5 29. axb5 Qe5 30. Bh3 f5 31. Qf4 Qxb5 32. Bd4 g6 33. Ba1 Qb6 34. h5 e3 35. fxe3 Qxe3+ 36. Qxe3 Rxe3 37. hxg6 Rxg3+ 38. Kh2 Rxg6 39. Bxf5 Rg5 40. e4 Re8 41. Bf6 Rh5+ 42. Kg3 Bg7 43. Rd8 Rxd8 44. Rxd8+ Kf7 45. Bxg7 Rg5+ 46. Kf4 Rxg7 47. e5 Nc6 48. Rh8 Rg1 49. e6+ Ke7 50. Rh7+ Kd6 51. Rd7+ Kc5 52. Rxb7 Rf1+ 53. Ke4 Re1+ 54. Kd3 Re5 55. Bh3 1/2-1/2

[Event "45.C.to Italiano"]
[Site "Chianciano Terme ITA"]
[Date "1985.10.13"]
[Round "2.7"]
[White "Martorelli, Antonio"]
[Black "Zichichi, Alvise"]
[Result "1/2-1/2"]
[WhiteElo "2315"]
[BlackElo "2390"]
[Annotator "Gabriele Ballarin"]
[PlyCount "51"]
[EventDate "1985.10.12"]
[EventType "tourn"]
[EventRounds "13"]
[EventCountry "ITA"]
[EventCategory "2"]

1. e4 c5 2. Nf3 e6 3. d3 d5 4. Nbd2 Nf6 5. g3 Nc6 6. Bg2 Be7 7. O-O Qc7 8. Re1 h6 9. a3 b6 10. exd5 exd5 11. c4 O-O 12. d4 Be6 13. dxc5 bxc5 14. cxd5 Bxd5 15. Nf1 Rfd8 16. Bf4 Qb7 17. Qe2 Bf8 18. Ne3 Re8 19. Nxd5 Rxe2 20. Nxf6+ gxf6 21. Rxe2 Rd8 22. Nh4 Qb5 23. Rae1 Nd4 24. Rd2 Re8 25. Be3 Qb3 26. Bf3 1/2-1/2

[Event "45.C.to Italiano"]
[Site "Chianciano Terme ITA"]
[Date "1985.10.14"]
[Round "3.4"]
[White "Ceschia, Ivano"]
[Black "Bellia, Fabrizio"]
[Result "1-0"]
[WhiteElo "2315"]
[BlackElo "2215"]
[Annotator "Gabriele Ballarin"]
[PlyCount "79"]
[EventDate "1985.10.12"]
[EventType "tourn"]
[EventRounds "13"]
[EventCountry "ITA"]
[EventCategory "2"]

1. e4 e5 2. Nc3 Nf6 3. g3 Bc5 4. Bg2 O-O 5. Nf3 Re8 6. d3 d6 7. O-O a6 8. Be3 Nc6 9. h3 Nd4 10. Bxd4 exd4 11. Ne2 d5 12. e5 Nd7 13. c3 dxc3 14. bxc3 Bf8 15. d4 f6 16. exf6 gxf6 17. Nf4 Nb6 18. Nh4 c6 19. Qh5 Be6 20. Nxe6 Rxe6 21. Qg4+ Kf7 22. Qf5 Bg7 23. Qxh7 Nc4 24. Rae1 Qg8 25. Qh5+ Ke7 26. Nf5+ Kf8 27. Rxe6 Qxe6 28. Rb1 b5 29. Nh4 Nd6 30. Ng6+ Kg8 31. Nf4 Qe8 32. Qg4 f5 33. Qg5 Ra7 34. Kh2 Re7 35. a4 Qf7 36. axb5 axb5 37. Ra1 Kh7 38. Ra6 Rc7 39. Qh4+ Kg8 40. Rxc6 1-0

[Event "45.C.to Italiano"]
[Site "Chianciano Terme ITA"]
[Date "1985.10.14"]
[Round "3.6"]
[White "Belotti, Bruno"]
[Black "Tatai, Stefano"]
[Result "1/2-1/2"]
[WhiteElo "2355"]
[BlackElo "2425"]
[Annotator "Gabriele Ballarin"]
[PlyCount "36"]
[EventDate "1985.10.12"]
[EventType "tourn"]
[EventRounds "13"]
[EventCountry "ITA"]
[EventCategory "2"]

1. e4 c5 2. Nf3 Nc6 3. d4 cxd4 4. Nxd4 g6 5. Nc3 Bg7 6. Nb3 Nf6 7. Be2 O-O 8. O-O d6 9. Kh1 Be6 10. Bg5 a5 11. a4 Nd7 12. f4 Nb4 13. Rf3 Rc8 14. Qd2 Nc5 15. Nxc5 dxc5 16. Qxd8 Rfxd8 17. f5 f6 18. fxe6 fxg5 1/2-1/2

[Event "45.C.to Italiano"]
[Site "Chianciano Terme ITA"]
[Date "1985.10.15"]
[Round "4.2"]
[White "Tatai, Stefano"]
[Black "Cocozza, Mario"]
[Result "1-0"]
[WhiteElo "2425"]
[BlackElo "2380"]
[Annotator "Gabriele Ballarin"]
[PlyCount "109"]
[EventDate "1985.10.12"]
[EventType "tourn"]
[EventRounds "13"]
[EventCountry "ITA"]
[EventCategory "2"]

1. d4 Nf6 2. c4 e6 3. Nf3 b6 4. g3 Bb7 5. Bg2 Be7 6. Nc3 Ne4 7. Bd2 d5 8. cxd5 exd5 9. Qa4+ Qd7 10. Qxd7+ Nxd7 11. Nb5 Nxd2 12. Nxd2 Kd8 13. O-O c6 14. Nc3 Bf6 15. Nb3 Rc8 16. Rac1 Rc7 17. Rc2 Nb8 18. Rfc1 Rd7 19. Bh3 Rd6 20. Nb5 cxb5 21. Rc7 Ba6 22. Rc8+ Bxc8 23. Rxc8+ Ke7 24. Rxh8 Nc6 25. e3 Nb4 26. Ra8 a5 27. Bf1 Nxa2 28. Bxb5 Ke6 29. Rc8 Nb4 30. Nc1 Be7 31. Ne2 Rd8 32. Rc7 Bd6 33. Rb7 Rb8 34. Ra7 g5 35. Nc3 h5 36. Kf1 h4 37. Ke2 hxg3 38. hxg3 Kf6 39. Rd7 Ke6 40. Ra7 Be7 41. e4 f5 42. Bd7+ Kf6 43. exd5 Bf8 44. Be6 Re8 45. Rb7 Nc6 46. Rf7+ Kg6 47. Rxf8 Nxd4+ 48. Kd3 Rxf8 49. Kxd4 Kf6 50. g4 fxg4 51. Ne4+ Ke7 52. Ke5 g3 53. fxg3 Rf1 54. d6+ Ke8 55. Nxg5 1-0

[Event "45.C.to Italiano"]
[Site "Chianciano Terme ITA"]
[Date "1985.10.15"]
[Round "4.3"]
[White "Vallifuoco, Giacomo"]
[Black "Belotti, Bruno"]
[Result "1-0"]
[WhiteElo "2305"]
[BlackElo "2355"]
[Annotator "Gabriele Ballarin"]
[PlyCount "53"]
[EventDate "1985.10.12"]
[EventType "tourn"]
[EventRounds "13"]
[EventCountry "ITA"]
[EventCategory "2"]

1. d4 Nf6 2. c4 e6 3. Nc3 Bb4 4. e3 c5 5. Bd3 Nc6 6. Nge2 O-O 7. O-O cxd4 8. exd4 d5 9. cxd5 Nxd5 10. Bc2 Be7 11. Qd3 g6 12. h3 b6 13. Bh6 Re8 14. Rad1 Bb7 15. Bb3 Rc8 16. Bxd5 exd5 17. Nf4 Na5 18. Rfe1 Qd6 19. Qg3 Nc4 20. Nfxd5 Bxd5 21. Qxd6 Bxd6 22. Nxd5 Rxe1+ 23. Rxe1 Nxb2 24. Re7 g5 25. g3 Nc4 26. Nf6+ Kh8 27. Rxf7 1-0

[Event "45.C.to Italiano"]
[Site "Chianciano Terme ITA"]
[Date "1985.10.15"]
[Round "4.4"]
[White "Bellia, Fabrizio"]
[Black "Sanna, Gianlazzaro"]
[Result "1/2-1/2"]
[WhiteElo "2215"]
[BlackElo "2385"]
[Annotator "Gabriele Ballarin"]
[PlyCount "36"]
[EventDate "1985.10.12"]
[EventType "tourn"]
[EventRounds "13"]
[EventCountry "ITA"]
[EventCategory "2"]

1. e4 c5 2. Nf3 Nc6 3. d4 cxd4 4. Nxd4 Nf6 5. Nc3 d6 6. Bg5 e6 7. Qd2 Be7 8. O-O-O O-O 9. Kb1 Nxd4 10. Qxd4 Nxe4 11. Nxe4 Bxg5 12. Nxg5 Qxg5 13. f4 Qa5 14. Qxd6 Bd7 15. b4 Qa4 16. Qxd7 Qxb4+ 17. Ka1 Rad8 18. Qxd8 Qc3+ 1/2-1/2

[Event "45.C.to Italiano"]
[Site "Chianciano Terme ITA"]
[Date "1985.10.16"]
[Round "5.3"]
[White "Ceschia, Ivano"]
[Black "Martorelli, Antonio"]
[Result "1-0"]
[WhiteElo "2315"]
[BlackElo "2315"]
[Annotator "Gabriele Ballarin"]
[PlyCount "61"]
[EventDate "1985.10.12"]
[EventType "tourn"]
[EventRounds "13"]
[EventCountry "ITA"]
[EventCategory "2"]

1. e4 c5 2. Nc3 e6 3. Nge2 a6 4. g3 Nc6 5. Bg2 Nf6 6. O-O Be7 7. d4 cxd4 8. Nxd4 Qc7 9. Re1 d6 10. Nxc6 bxc6 11. e5 dxe5 12. Rxe5 O-O 13. Re1 Rd8 14. Qe2 Bb7 15. Bf4 Qc8 16. Na4 Nd7 17. Rad1 c5 18. Rxd7 Rxd7 19. Nb6 Qd8 20. Nxd7 Bxg2 21. Kxg2 Qxd7 22. Rd1 Qa4 23. b3 Qxa2 24. Be5 Qa5 25. Rd7 Re8 26. Qg4 Bf8 27. Qf3 f6 28. Qh5 Re7 29. Rxe7 Bxe7 30. Qe8+ Bf8 31. Bd6 1-0

[Event "45.C.to Italiano"]
[Site "Chianciano Terme ITA"]
[Date "1985.10.16"]
[Round "5.4"]
[White "Sanna, Gianlazzaro"]
[Black "Passerotti, Pierluigi"]
[Result "1-0"]
[WhiteElo "2385"]
[BlackElo "2295"]
[Annotator "Gabriele Ballarin"]
[PlyCount "79"]
[EventDate "1985.10.12"]
[EventType "tourn"]
[EventRounds "13"]
[EventCountry "ITA"]
[EventCategory "2"]

1. d4 d5 2. c4 c6 3. Nc3 Nf6 4. e3 g6 5. Nf3 Bg7 6. Bd3 O-O 7. O-O Be6 8. cxd5 cxd5 9. Qb3 Qb6 10. Bd2 Nbd7 11. Na4 Qxb3 12. axb3 Rfc8 13. b4 Bf5 14. Bxf5 gxf5 15. Rfc1 Ne8 16. Rxc8 Rxc8 17. Nc3 e6 18. Rxa7 Nd6 19. Kf1 Nb6 20. Ke2 Nbc4 21. Bc1 Bf8 22. Ne5 Nxe5 23. dxe5 Nc4 24. Rxb7 Nxe5 25. Bd2 Nc4 26. b3 Na3 27. Kd3 Bg7 28. Ra7 Bxc3 29. Rxa3 Bf6 30. f4 Kg7 31. Ra5 Kg6 32. Ra7 h5 33. Rb7 Bg7 34. b5 h4 35. b6 Rc6 36. Ba5 Rc5 37. b4 Rc3+ 38. Kd2 d4 39. exd4 Bxd4 40. Rd7 1-0

[Event "45.C.to Italiano"]
[Site "Chianciano Terme ITA"]
[Date "1985.10.16"]
[Round "5.5"]
[White "Belotti, Bruno"]
[Black "Bellia, Fabrizio"]
[Result "1/2-1/2"]
[WhiteElo "2355"]
[BlackElo "2215"]
[Annotator "Gabriele Ballarin"]
[PlyCount "34"]
[EventDate "1985.10.12"]
[EventType "tourn"]
[EventRounds "13"]
[EventCountry "ITA"]
[EventCategory "2"]

1. e4 e5 2. f4 Bc5 3. Nf3 d6 4. Bc4 Nf6 5. Nc3 Nc6 6. d3 Bg4 7. Na4 Bb6 8. Nxb6 axb6 9. c3 Qd7 10. b4 exf4 11. Bxf4 Nh5 12. Be3 Ne5 13. Nxe5 dxe5 14. Qc2 Be6 15. Bxe6 Qxe6 16. O-O Nf6 17. h3 O-O 1/2-1/2

[Event "45.C.to Italiano"]
[Site "Chianciano Terme ITA"]
[Date "1985.10.16"]
[Round "5.6"]
[White "Cocozza, Mario"]
[Black "Vallifuoco, Giacomo"]
[Result "1/2-1/2"]
[WhiteElo "2380"]
[BlackElo "2305"]
[Annotator "Gabriele Ballarin"]
[PlyCount "21"]
[EventDate "1985.10.12"]
[EventType "tourn"]
[EventRounds "13"]
[EventCountry "ITA"]
[EventCategory "2"]

1. e4 c5 2. Nc3 d6 3. g3 Nc6 4. Bg2 g6 5. d3 Bg7 6. Be3 e6 7. Nge2 Nd4 8. Qd2 Ne7 9. O-O O-O 10. Rab1 Bd7 11. a3 1/2-1/2

[Event "45.C.to Italiano"]
[Site "Chianciano Terme ITA"]
[Date "1985.10.17"]
[Round "6.3"]
[White "Bellia, Fabrizio"]
[Black "Cocozza, Mario"]
[Result "1-0"]
[WhiteElo "2215"]
[BlackElo "2380"]
[Annotator "Gabriele Ballarin"]
[PlyCount "139"]
[EventDate "1985.10.12"]
[EventType "tourn"]
[EventRounds "13"]
[EventCountry "ITA"]
[EventCategory "2"]

1. e4 e6 2. d4 d5 3. Nd2 Nf6 4. e5 Nfd7 5. Bd3 c5 6. c3 Nc6 7. Ngf3 Be7 8. O-O Qc7 9. Re1 f5 10. c4 dxc4 11. Nxc4 O-O 12. Bf1 Nxd4 13. Nxd4 cxd4 14. Qxd4 Rd8 15. Nd6 Nb6 16. Bf4 Nd5 17. Bc4 Nxf4 18. Qxf4 Bxd6 19. exd6 Qxd6 20. Qxf5 Re8 21. Rad1 Qc6 22. Qh5 g6 23. Qh4 b5 24. Bb3 Bb7 25. Qh3 Bc8 26. Qh4 Rb8 27. Rd3 Rb7 28. Rd8 Rxd8 29. Qxd8+ Kg7 30. Qd4+ Kg8 31. Qf6 Rf7 32. Bxe6 Bxe6 33. Qxe6 Qxe6 34. Rxe6 Rc7 35. g3 Rc2 36. Ra6 Rxb2 37. Rxa7 b4 38. h4 h5 39. Kg2 b3 40. axb3 Rxb3 41. Rc7 Ra3 42. Rb7 Rc3 43. Kf1 Rc2 44. Kg2 Rc3 45. Re7 Ra3 46. Re3 Ra5 47. Rb3 Kg7 48. Kf3 Rf5+ 49. Kg2 Ra5 50. f3 Ra2+ 51. Kh3 Rc2 52. g4 hxg4+ 53. fxg4 Rc4 54. Rb7+ Kf6 55. g5+ Ke5 56. Rf7 Rc3+ 57. Kg4 Rc4+ 58. Kg3 Rc3+ 59. Rf3 Rc6 60. h5 gxh5 61. Kh4 Rc1 62. Kxh5 Ke6 63. Kh6 Rh1+ 64. Kg7 Rg1 65. g6 Rg2 66. Kh7 Rh2+ 67. Kg8 Rg2 68. g7 Ke7 69. Re3+ Kd6 70. Rh3 1-0

[Event "45.C.to Italiano"]
[Site "Chianciano Terme ITA"]
[Date "1985.10.17"]
[Round "6.4"]
[White "Passerotti, Pierluigi"]
[Black "Belotti, Bruno"]
[Result "0-1"]
[WhiteElo "2295"]
[BlackElo "2355"]
[Annotator "Gabriele Ballarin"]
[PlyCount "81"]
[EventDate "1985.10.12"]
[EventType "tourn"]
[EventRounds "13"]
[EventCountry "ITA"]
[EventCategory "2"]

1. d4 Nf6 2. Nf3 g6 3. g3 Bg7 4. Bg2 O-O 5. O-O d6 6. b3 a5 7. Nc3 Nbd7 8. Bb2 c6 9. a4 d5 10. Re1 e5 11. dxe5 Ng4 12. e4 Qb6 13. Qe2 d4 14. Nxd4 Ndxe5 15. Nd1 Nxh2 16. Kxh2 Ng4+ 17. Kg1 Bxd4 18. Bxd4 Qxd4 19. Ne3 Nxe3 20. Qxe3 Qxe3 21. Rxe3 Rd8 22. Bf3 Be6 23. Rd1 Rxd1+ 24. Bxd1 Rd8 25. Rd3 Rxd3 26. cxd3 c5 27. f4 f6 28. Kf2 g5 29. Ke3 Kf8 30. f5 Bf7 31. g4 Ke7 32. d4 cxd4+ 33. Kxd4 Kd6 34. Kd3 Ke5 35. Ke3 b6 36. Bc2 h5 37. gxh5 Bxh5 38. Kd3 Bf3 39. Ke3 g4 40. Bd3 Bd1 41. Bc4 0-1

[Event "45.C.to Italiano"]
[Site "Chianciano Terme ITA"]
[Date "1985.10.17"]
[Round "6.5"]
[White "Martorelli, Antonio"]
[Black "Sanna, Gianlazzaro"]
[Result "1-0"]
[WhiteElo "2315"]
[BlackElo "2385"]
[Annotator "Gabriele Ballarin"]
[PlyCount "49"]
[EventDate "1985.10.12"]
[EventType "tourn"]
[EventRounds "13"]
[EventCountry "ITA"]
[EventCategory "2"]

1. e4 c5 2. Nf3 Nc6 3. d4 cxd4 4. Nxd4 Nf6 5. Nc3 d6 6. Be2 e5 7. Nb3 Be7 8. f4 O-O 9. g4 exf4 10. Bxf4 Nd7 11. Qd2 Bh4+ 12. Bg3 Nde5 13. O-O-O Bxg3 14. hxg3 Bxg4 15. Bxg4 Nxg4 16. Rh4 Nce5 17. Rdh1 h6 18. Nd4 Qf6 19. Nd5 Qf2 20. Ne7+ Kh7 21. Rxh6+ gxh6 22. Rxh6+ Nxh6 23. Qxf2 Nc6 24. Ndxc6 bxc6 25. g4 1-0

[Event "45.C.to Italiano"]
[Site "Chianciano Terme ITA"]
[Date "1985.10.17"]
[Round "6.6"]
[White "Zichichi, Alvise"]
[Black "Ceschia, Ivano"]
[Result "1/2-1/2"]
[WhiteElo "2390"]
[BlackElo "2315"]
[Annotator "Gabriele Ballarin"]
[PlyCount "120"]
[EventDate "1985.10.12"]
[EventType "tourn"]
[EventRounds "13"]
[EventCountry "ITA"]
[EventCategory "2"]

1. d4 Nf6 2. Nf3 c5 3. e3 e6 4. Bd3 d5 5. O-O Bd6 6. b3 cxd4 7. exd4 Nc6 8. Bb2 O-O 9. Nbd2 Nd7 10. Re1 Qf6 11. a3 h6 12. c4 b6 13. Rc1 Bb7 14. cxd5 exd5 15. Nf1 Rfd8 16. Ne3 Nf8 17. Ng4 Qf4 18. h3 Bc7 19. Nfe5 Bxe5 20. dxe5 Qg5 21. Re3 d4 22. Rg3 Nxe5 23. Rc7 Nxd3 24. Qxd3 Bd5 25. Bc1 Qh4 26. Nxh6+ Kh8 27. Nxf7+ Bxf7 28. Rxf7 Ne6 29. Qf5 Re8 30. Bd2 Qh7 31. Qf3 Rf8 32. Kh2 Kg8 33. Rxf8+ Rxf8 34. Qc6 Qf5 35. Qd6 Rd8 36. Qe7 Qf7 37. Qxf7+ Kxf7 38. Rf3+ Ke8 39. b4 Rc8 40. Kg3 Rc2 41. Rd3 Ra2 42. f4 Nc7 43. Rxd4 Rxa3+ 44. Kg4 a5 45. bxa5 bxa5 46. Be1 a4 47. Kf5 Ra2 48. g4 a3 49. Ba5 Nb5 50. Rb4 Rb2 51. Ra4 Kf7 52. Ke5 Rh2 53. Kd5 Rxh3 54. Kc5 Nc3 55. Bxc3 Rxc3+ 56. Kd4 Rg3 57. Ra7+ Kg6 58. Ra6+ Kf7 59. g5 g6 60. Ke4 Rb3 1/2-1/2

[Event "45.C.to Italiano"]
[Site "Chianciano Terme ITA"]
[Date "1985.10.18"]
[Round "7.3"]
[White "Sanna, Gianlazzaro"]
[Black "Zichichi, Alvise"]
[Result "1/2-1/2"]
[WhiteElo "2385"]
[BlackElo "2390"]
[Annotator "Gabriele Ballarin"]
[PlyCount "37"]
[EventDate "1985.10.12"]
[EventType "tourn"]
[EventRounds "13"]
[EventCountry "ITA"]
[EventCategory "2"]

1. d4 d5 2. c4 c6 3. Nc3 Nf6 4. e3 e6 5. Nf3 Nbd7 6. Bd3 dxc4 7. Bxc4 b5 8. Be2 Bb7 9. O-O a6 10. e4 b4 11. e5 bxc3 12. exf6 cxb2 13. fxg7 Bxg7 14. Bxb2 c5 15. Rb1 Be4 16. Rc1 O-O 17. Qd2 Rb8 18. Bc3 Bxf3 19. Bxf3 1/2-1/2

[Event "45.C.to Italiano"]
[Site "Chianciano Terme ITA"]
[Date "1985.10.18"]
[Round "7.4"]
[White "Belotti, Bruno"]
[Black "Martorelli, Antonio"]
[Result "1-0"]
[WhiteElo "2355"]
[BlackElo "2315"]
[Annotator "Gabriele Ballarin"]
[PlyCount "95"]
[EventDate "1985.10.12"]
[EventType "tourn"]
[EventRounds "13"]
[EventCountry "ITA"]
[EventCategory "2"]

1. e4 c5 2. Nf3 e6 3. d4 cxd4 4. Nxd4 a6 5. Bd3 Nc6 6. Nxc6 dxc6 7. f4 e5 8. f5 b5 9. a4 Bb7 10. Be3 Nf6 11. Qe2 Be7 12. Nd2 O-O 13. O-O Qc7 14. c4 bxc4 15. Nxc4 c5 16. Bd2 Bd8 17. g4 h6 18. h4 Qd7 19. Bc3 Nxg4 20. Rad1 h5 21. Nxe5 Qc7 22. Nxg4 Qg3+ 23. Qg2 Qxg2+ 24. Kxg2 hxg4 25. Rf4 Bf6 26. Bxf6 gxf6 27. Rxg4+ Kh7 28. Kf3 Rad8 29. Ke3 Rd4 30. Bc2 Rfd8 31. Rdg1 Re8 32. Rg7+ Kh8 33. R1g4 Rc4 34. Bd3 Rxa4 35. Rxf7 Rb4 36. Rxf6 Kh7 37. Rf7+ Kh8 38. f6 Bc8 39. Rgg7 Bf5 40. Kf3 Rb3 41. exf5 Rxd3+ 42. Kf4 Rd4+ 43. Kg5 Rg8 44. h5 Rdd8 45. Kg6 c4 46. Rc7 Rdf8 47. h6 Rb8 48. f7 1-0

[Event "45.C.to Italiano"]
[Site "Chianciano Terme ITA"]
[Date "1985.10.18"]
[Round "7.5"]
[White "Cocozza, Mario"]
[Black "Passerotti, Pierluigi"]
[Result "1/2-1/2"]
[WhiteElo "2380"]
[BlackElo "2295"]
[Annotator "Gabriele Ballarin"]
[PlyCount "50"]
[EventDate "1985.10.12"]
[EventType "tourn"]
[EventRounds "13"]
[EventCountry "ITA"]
[EventCategory "2"]

1. e4 c5 2. Nf3 Nc6 3. d4 cxd4 4. Nxd4 g6 5. c4 d6 6. Be2 Nf6 7. Nc3 Bg7 8. Be3 O-O 9. O-O Bd7 10. Qd2 Nxd4 11. Bxd4 Bc6 12. Bf3 a5 13. Rac1 Nd7 14. Bxg7 Kxg7 15. Nd5 Bxd5 16. exd5 b6 17. Rfe1 Ra7 18. Rc3 Rh8 19. Bd1 h6 20. Bc2 Nf6 21. Rg3 Qc8 22. Qd4 Qc5 23. Qxc5 bxc5 24. Kf1 Rb8 25. b3 Rb4 1/2-1/2

[Event "45.C.to Italiano"]
[Site "Chianciano Terme ITA"]
[Date "1985.10.20"]
[Round "8.2"]
[White "Bellia, Fabrizio"]
[Black "Tatai, Stefano"]
[Result "1/2-1/2"]
[WhiteElo "2215"]
[BlackElo "2425"]
[Annotator "Gabriele Ballarin"]
[PlyCount "51"]
[EventDate "1985.10.12"]
[EventType "tourn"]
[EventRounds "13"]
[EventCountry "ITA"]
[EventCategory "2"]

1. e4 c5 2. Nf3 Nc6 3. d4 cxd4 4. Nxd4 g6 5. c4 Bg7 6. Be3 Nf6 7. Nc3 O-O 8. Be2 b6 9. O-O Bb7 10. f3 Ne8 11. Qd2 Nc7 12. Rfd1 Ne6 13. Nc2 d6 14. Rac1 Kh8 15. b3 g5 16. Nd5 Rg8 17. Kh1 Qf8 18. Rf1 Be5 19. g3 f5 20. f4 gxf4 21. gxf4 Bg7 22. Bf3 fxe4 23. Bxe4 Nc5 24. Bf3 Nd8 25. Nd4 e6 26. Nc3 1/2-1/2

[Event "45.C.to Italiano"]
[Site "Chianciano Terme ITA"]
[Date "1985.10.20"]
[Round "8.4"]
[White "Martorelli, Antonio"]
[Black "Cocozza, Mario"]
[Result "1-0"]
[WhiteElo "2315"]
[BlackElo "2380"]
[Annotator "Gabriele Ballarin"]
[PlyCount "73"]
[EventDate "1985.10.12"]
[EventType "tourn"]
[EventRounds "13"]
[EventCountry "ITA"]
[EventCategory "2"]

1. e4 c5 2. Nf3 Nc6 3. Bb5 g6 4. c3 Bg7 5. d4 cxd4 6. cxd4 Nf6 7. Nc3 a6 8. Ba4 b5 9. Bc2 d5 10. e5 Ng8 11. Bb3 e6 12. O-O Qb6 13. Re1 Nge7 14. Bg5 Bd7 15. Bf6 Kf8 16. Qd2 Nf5 17. Rad1 h5 18. Bc2 Nh6 19. Qf4 Bxf6 20. Qxf6 Rg8 21. Ng5 Rg7 22. Qf4 Nf5 23. Bxf5 gxf5 24. Ne2 Ne7 25. Nf3 Ng8 26. Ng3 Rg4 27. Qd2 h4 28. h3 Rg7 29. Nxh4 Qd8 30. Nf3 Qe7 31. Rc1 Be8 32. Qa5 f6 33. exf6 Qxf6 34. Qb6 Rg6 35. Rc7 Ne7 36. Qd6 Rh6 37. Nxf5 1-0

[Event "45.C.to Italiano"]
[Site "Chianciano Terme ITA"]
[Date "1985.10.20"]
[Round "8.5"]
[White "Zichichi, Alvise"]
[Black "Belotti, Bruno"]
[Result "1-0"]
[WhiteElo "2390"]
[BlackElo "2355"]
[Annotator "Gabriele Ballarin"]
[PlyCount "89"]
[EventDate "1985.10.12"]
[EventType "tourn"]
[EventRounds "13"]
[EventCountry "ITA"]
[EventCategory "2"]

1. d4 Nf6 2. Nf3 g6 3. c4 Bg7 4. Nc3 O-O 5. e4 d6 6. a3 c5 7. d5 e5 8. g4 b5 9. cxb5 a6 10. a4 axb5 11. Bxb5 Na6 12. Be3 Nb4 13. Nd2 Ne8 14. Na2 Nxa2 15. Rxa2 Nc7 16. Bc4 f5 17. gxf5 gxf5 18. exf5 Bxf5 19. h4 e4 20. Qh5 Qd7 21. Rg1 Kh8 22. b3 Rg8 23. Rg5 Raf8 24. a5 Bc3 25. a6 Bg4 26. Qxg4 Qxg4 27. Rxg4 Rxg4 28. h5 Ra8 29. Ke2 Kg7 30. a7 Rh4 31. Bxc5 Rxh5 32. Bxd6 Nxd5 33. Nxe4 Bd4 34. Bb8 Nb4 35. Rd2 Nc6 36. b4 Rf5 37. b5 Nxa7 38. Rxd4 Nxb5 39. Rd7+ Kh6 40. Ng3 Nc3+ 41. Ke3 Rxf2 42. Bf4+ Rxf4 43. Kxf4 Ra4 44. Nf5+ Kg6 45. Rd6+ 1-0

[Event "45.C.to Italiano"]
[Site "Chianciano Terme ITA"]
[Date "1985.10.21"]
[Round "9.6"]
[White "Tatai, Stefano"]
[Black "Passerotti, Pierluigi"]
[Result "1-0"]
[WhiteElo "2425"]
[BlackElo "2295"]
[Annotator "Gabriele Ballarin"]
[PlyCount "91"]
[EventDate "1985.10.12"]
[EventType "tourn"]
[EventRounds "13"]
[EventCountry "ITA"]
[EventCategory "2"]

1. d4 d5 2. c4 c6 3. Nf3 Nf6 4. e3 e6 5. Nc3 Nbd7 6. Bd3 dxc4 7. Bxc4 b5 8. Be2 Bb7 9. O-O Be7 10. a3 a5 11. e4 b4 12. e5 bxc3 13. exf6 Bxf6 14. bxc3 c5 15. Rb1 Be4 16. Bd3 Bxd3 17. Qxd3 cxd4 18. cxd4 O-O 19. Rb5 Nb6 20. Ng5 Bxg5 21. Bxg5 Qd6 22. Bd2 Nd5 23. Rxa5 Rxa5 24. Bxa5 Ra8 25. Rc1 Qb8 26. Bd2 h6 27. g3 Ra4 28. Rc5 Ra8 29. Qc2 Qb7 30. a4 Nf6 31. a5 Qe4 32. Rc4 g5 33. Qxe4 Nxe4 34. Bb4 Ra6 35. f3 Nf6 36. Kf2 Nd5 37. Bd2 Kg7 38. Ke2 Kf6 39. Rc5 Ke7 40. Kd3 Kd7 41. f4 gxf4 42. Bxf4 h5 43. Kc4 h4 44. Kb5 Ra8 45. Rxd5+ exd5 46. a6 1-0